000 00681nam a2200289Ia 4500
005 20260324132726.0
008 008 260324s9999 xx 000 0 eng d
020 _a9781936331352
037 _aEBOOK
040 _aCRL
040 _beng
040 _cCRL
041 _2eng
041 _aeng
084 _qCRL
100 _aSteven H. Strauss
_91190387
245 4 _aThe Bioengineered Forest
245 0 _bChallenges for Science and Society
260 _bTaylor and Francis
260 _c2004
365 _a
365 _b130
856 _uhttp://www.taylorfrancis.com/books/9781936331352
942 _cEBOOK
999 _c1788735
_d1788735